India and the Indianness of Christianity (Record no. 17792)

MARC details
000 -LEADER
fixed length control field 00617nam a2200241 a 4500
020 ## - INTERNATIONAL STANDARD BOOK NUMBER
ISBN 9780802863928
082 00 - DEWEY DECIMAL CLASSIFICATION NUMBER
Classification number 266.00954
Author Cutter YOU
100 ## - MAIN ENTRY--AUTHOR NAME
Author name Young, Richard Fox
245 ## - TITLE STATEMENT
Title India and the Indianness of Christianity
260 ## - PUBLICATION, DISTRIBUTION, ETC. (IMPRINT)
Place of publication Michigan
Name of publisher William B.Eerdmans Pub
Year of publication 2009
300 ## - PHYSICAL DESCRIPTION
Number of Pages 283p
500 ## - GENERAL NOTE
General note includes index and biblioraphy
505 2# - FORMATTED CONTENTS NOTE
Formatted contents note index
650 ## - SUBJECT ADDED ENTRY--TOPICAL TERM
Topical Term Missions-India
942 ## - ADDED ENTRY ELEMENTS (KOHA)
Koha item type Books
700 1# -
-- Young, Richard Fox
Holdings
Collection code Home library Current library Date acquired Cost, normal purchase price Full call number Accession Number Koha item type
  Henry Martyn Institute Library Henry Martyn Institute Library 09/20/2011 100.00 266.00954 YOU 11001731 Books
                   Copyright © 2026 | Henry Martyn Institute | Hyderabad | TS-500052 | INDIA | Implemented by hmi.edu.in
Hit-Count:

Powered by Koha